000 00367nam a2200097Ia 4500
008 220120s9999||||xx |||||||||||||| ||und||
100 _aBidappa, M.M, Bopanna, B.B, Uthappa, K.N and Vijay Kumar, K.
_912315
245 0 _aDevelopment of audio driver for multimedia application using
260 _aCoorg Institute of Technology
_bPonnampet
_c2011
650 _aCOMPUTER SCIENCE
999 _c137901
_d137901